Biblioteca y Centro de Documentación

Acceso a la función pública y provisión de puestos de trabajo y ejecución de sentencias (Registro nro. 37813)

Detalles MARC
000 -CABECERA
Longitud fija campo de control 01125naa a2200289 c 4500
001 - NÚMERO DE CONTROL
Número de control 37813
003 - IDENTIFICADOR DE NÚMERO DE CONTROL
Identificador del número de control ES-MaCES
005 - FECHA Y HORA DE LA ÚLTIMA TRANSACCIÓN
Fecha y hora de la última transacción 20080708130000.0
008 - CAMPO FIJO DE DESCRIPCIÓN FIJA--INFORMACIÓN GENERAL
Códigos de información de longitud fija   070525n2007 sp t ||0 | spa d
035 ## - NÚMERO DE CONTROL DEL SISTEMA
Número de control del sistema CES20070003340v
040 ## - FUENTE DE CATALOGACIÓN
Centro catalogador de origen ES-MaCES
Lengua de catalogación spa
Centro transcriptor ES-MaCES
245 00 - MENCIÓN DE TÍTULO
Título Acceso a la función pública y provisión de puestos de trabajo y ejecución de sentencias
Resto del título : observaciones sobre las propuestas de ejecución de sentencias en materia de funcionarios
Mención de responsabilidad, etc. Eduardo Lázaro Alba ... [et al.]
500 ## - NOTA GENERAL
Nota general Resumen
650 #4 - ASIENTO SECUNDARIO DE MATERIA--TÉRMINO DE MATERIA
Término de materia o nombre geográfico como elemento inicial indemnización
9 (RLIN) 30642
650 #4 - ASIENTO SECUNDARIO DE MATERIA--TÉRMINO DE MATERIA
Término de materia o nombre geográfico como elemento inicial sentencia judicial
9 (RLIN) 29888
650 #4 - ASIENTO SECUNDARIO DE MATERIA--TÉRMINO DE MATERIA
Término de materia o nombre geográfico como elemento inicial función pública
9 (RLIN) 27225
650 #4 - ASIENTO SECUNDARIO DE MATERIA--TÉRMINO DE MATERIA
Término de materia o nombre geográfico como elemento inicial análisis de tareas
9 (RLIN) 29477
650 #4 - ASIENTO SECUNDARIO DE MATERIA--TÉRMINO DE MATERIA
Término de materia o nombre geográfico como elemento inicial funcionario
9 (RLIN) 27224
650 #4 - ASIENTO SECUNDARIO DE MATERIA--TÉRMINO DE MATERIA
Término de materia o nombre geográfico como elemento inicial contrato de trabajo
9 (RLIN) 28316
650 #4 - ASIENTO SECUNDARIO DE MATERIA--TÉRMINO DE MATERIA
Término de materia o nombre geográfico como elemento inicial trabajo
9 (RLIN) 28289
653 10 - TÉRMINO DE INDEXACIÓN--NO CONTROLADO
Término no controlado Jurisprudencia
700 1# - ENCABEZAMIENTO SECUNDARIO--NOMBRE PERSONAL
Nombre de persona Lázaro Alba, Eduardo
9 (RLIN) 16314
773 0# - ENTRADA DE DOCUMENTO FUENTE
Título Revista española de Derecho administrativo
Parte(s) relacionada(s) n. 133 (ene. - marzo 2007){10039 R. 067703}; p. 131-175
Número de control del registro relacionado (ES-MaCES)25059
Itemnumber del ítem fuente 32268
902 ## - CES. TIPO DE DOCUMENTO
Tipodoc (006$c Sirtex) ART Artículo de revista
942 ## - ELEMENTOS KOHA
Fuente de clasificaión o esquema Clasificación propia del CES
Koha [por defecto] tipo de item Artículos (1982-2017)
Parte de clasificación 6.2.

No hay ítems disponibles.

© CES, Consejo Económico y Social de España 2021